[Event "ODJM A 2024"]
[Site "Willingen GER"]
[Date "2024.05.24"]
[Round "8"]
[White "Sabirov, Rafael"]
[Black "Vollbehr, Bjarne"]
[Result "0-1"]
[Termination "normal"]
[Board "5"]
[WhiteElo "2169"]
[BlackElo "1927"]
[WhiteClock "00:03:31"]
[BlackClock "00:31:08"]
[PlyCount "108"]
[WhiteFideId "16241185"]
[BlackFideId "34606025"]
[EventCountry "GER"]
[EventRounds "9"]
[EventType "swiss"]
[EventDate "2024.05.18"]

1. e4 {[%clk 01:30:59]} {[%emt 00:07:17]} e5 {[%clk 01:30:54]} {[%emt
00:00:07]} 2. Nf3 {[%clk 01:31:27]} Nc6 {[%clk 01:31:19]} {[%emt 00:00:05]} 3.
Bb5 {[%clk 01:31:56]} {[%emt 00:00:02]} a6 {[%clk 01:31:43]} {[%emt 00:00:06]}
4. Ba4 {[%clk 01:32:23]} {[%emt 00:00:02]} Nf6 {[%clk 01:32:08]} {[%emt
00:00:04]} 5. O-O {[%clk 01:32:50]} {[%emt 00:00:04]} b5 {[%clk 01:32:14]}
{[%emt 00:00:27]} 6. Bb3 {[%clk 01:33:18]} Bc5 {[%clk 01:32:38]} {[%emt
00:00:04]} 7. a4 {[%clk 01:29:27]} {[%emt 00:04:21]} Rb8 {[%clk 01:32:18]}
{[%emt 00:00:50]} 8. c3 {[%clk 01:29:01]} {[%emt 00:00:56]} d6 {[%clk
01:31:22]} {[%emt 00:01:27]} 9. d4 {[%clk 01:28:50]} {[%emt 00:00:41]} Bb6
{[%clk 01:31:41]} {[%emt 00:00:11]} 10. a5 {[%clk 01:25:27]} {[%emt 00:03:53]}
Ba7 {[%clk 01:29:36]} {[%emt 00:02:35]} 11. h3 {[%clk 01:22:54]} {[%emt
00:03:02]} O-O {[%clk 01:27:03]} {[%emt 00:03:03]} 12. Be3 {[%clk 01:18:33]}
{[%emt 00:04:51]} Bb7 {[%clk 01:19:08]} {[%emt 00:08:26]} 13. d5 {[%clk
01:14:00]} {[%emt 00:05:03]} Bxe3 {[%clk 01:18:11]} {[%emt 00:01:25]} 14. dxc6
{[%clk 01:10:25]} {[%emt 00:04:06]} Bxc6 {[%clk 01:16:24]} {[%emt 00:02:18]}
15. fxe3 {[%clk 01:10:47]} {[%emt 00:00:07]} Bxe4 {[%clk 01:16:49]} {[%emt
00:00:05]} 16. Bc2 {[%clk 00:50:03]} {[%emt 00:21:14]} Ba8 {[%clk 01:16:07]}
{[%emt 00:01:11]} 17. Qe1 {[%clk 00:40:23]} {[%emt 00:10:10]} e4 {[%clk
01:10:20]} {[%emt 00:06:18]} 18. Nd4 {[%clk 00:38:32]} {[%emt 00:02:21]} c5
{[%clk 01:08:51]} {[%emt 00:01:59]} 19. Ne2 {[%clk 00:38:08]} {[%emt 00:00:55]}
Nd7 {[%clk 01:04:23]} {[%emt 00:04:59]} 20. Nd2 {[%clk 00:34:26]} {[%emt
00:04:12]} f5 {[%clk 01:03:43]} {[%emt 00:01:10]} 21. Nf4 {[%clk 00:29:17]}
{[%emt 00:05:39]} Qe7 {[%clk 01:02:26]} {[%emt 00:01:47]} 22. b3 {[%clk
00:28:03]} {[%emt 00:01:44]} d5 {[%clk 01:00:57]} {[%emt 00:01:59]} 23. Rd1
{[%clk 00:25:53]} {[%emt 00:02:40]} Ne5 {[%clk 00:59:14]} {[%emt 00:02:13]} 24.
Nb1 {[%clk 00:25:00]} {[%emt 00:01:23]} Rbd8 {[%clk 00:58:40]} {[%emt
00:01:04]} 25. b4 {[%clk 00:22:53]} {[%emt 00:02:37]} g5 {[%clk 00:52:01]}
{[%emt 00:07:09]} 26. Ne2 {[%clk 00:20:56]} {[%emt 00:02:27]} Nc4 {[%clk
00:41:48]} {[%emt 00:10:43]} 27. Qg3 {[%clk 00:21:04]} {[%emt 00:00:22]} d4
{[%clk 00:38:40]} {[%emt 00:03:38]} 28. exd4 {[%clk 00:18:08]} {[%emt
00:03:27]} cxb4 {[%clk 00:38:31]} {[%emt 00:00:38]} 29. cxb4 {[%clk 00:18:29]}
{[%emt 00:00:09]} Kh8 {[%clk 00:38:30]} {[%emt 00:00:31]} 30. d5 {[%clk
00:15:16]} {[%emt 00:03:44]} Qa7+ {[%clk 00:35:53]} {[%emt 00:03:06]} 31. Kh1
{[%clk 00:15:40]} {[%emt 00:00:06]} Qe3 {[%clk 00:31:09]} {[%emt 00:05:14]} 32.
Rfe1 {[%clk 00:09:03]} {[%emt 00:07:07]} f4 {[%clk 00:26:05]} {[%emt 00:05:33]}
33. Qxe3 {[%clk 00:09:28]} {[%emt 00:00:06]} Nxe3 {[%clk 00:26:26]} {[%emt
00:00:09]} 34. Rc1 {[%clk 00:09:35]} {[%emt 00:00:23]} f3 {[%clk 00:25:46]}
{[%emt 00:01:09]} 35. Ng3 {[%clk 00:08:17]} {[%emt 00:01:48]} Nxg2 {[%clk
00:25:17]} {[%emt 00:01:00]} 36. Rxe4 {[%clk 00:06:29]} {[%emt 00:02:19]} Bxd5
{[%clk 00:25:11]} {[%emt 00:00:35]} 37. Re5 {[%clk 00:06:04]} {[%emt 00:00:55]}
Nf4 {[%clk 00:23:47]} {[%emt 00:01:54]} 38. Nc3 {[%clk 00:03:54]} {[%emt
00:02:40]} Ne2 {[%clk 00:23:11]} {[%emt 00:01:06]} 39. Rxd5 {[%emt 00:03:14]}
Rxd5 {[%clk 00:22:12]} {[%emt 00:01:28]} 40. Nxd5 {[%clk 00:00:45]} {[%emt
00:00:56]} Nxc1 {[%clk 00:21:00]} {[%emt 00:01:43]} 41. Nf1 {[%clk 00:22:52]}
{[%emt 00:08:23]} Ne2 {[%clk 00:46:23]} {[%emt 00:05:07]} 42. Be4 {[%clk
00:21:19]} {[%emt 00:02:02]} h5 {[%clk 00:44:09]} {[%emt 00:02:43]} 43. Nde3
{[%clk 00:17:02]} {[%emt 00:04:48]} g4 {[%clk 00:40:03]} {[%emt 00:04:37]} 44.
Kh2 {[%clk 00:12:03]} {[%emt 00:05:28]} Re8 {[%clk 00:38:21]} {[%emt 00:02:11]}
45. Bb7 {[%clk 00:10:46]} {[%emt 00:01:48]} g3+ {[%clk 00:36:52]} {[%emt
00:01:58]} 46. Kh1 {[%clk 00:11:02]} {[%emt 00:00:14]} g2+ {[%clk 00:36:09]}
{[%emt 00:01:14]} 47. Nxg2 {[%clk 00:11:26]} {[%emt 00:00:06]} fxg2+ {[%clk
00:36:27]} {[%emt 00:00:12]} 48. Kxg2 {[%clk 00:11:44]} {[%emt 00:00:13]} Re6
{[%clk 00:35:47]} {[%emt 00:01:10]} 49. Nd2 {[%clk 00:03:40]} {[%emt 00:08:34]}
Nf4+ {[%clk 00:32:56]} {[%emt 00:03:21]} 50. Kg3 {[%clk 00:04:03]} {[%emt
00:00:07]} Nd3 {[%clk 00:32:17]} {[%emt 00:01:09]} 51. Kh4 {[%clk 00:04:23]}
{[%emt 00:00:10]} Nxb4 {[%clk 00:31:37]} {[%emt 00:01:09]} 52. Kxh5 {[%clk
00:04:28]} {[%emt 00:00:26]} Nc6 {[%clk 00:31:27]} {[%emt 00:00:40]} 53. Nb3
{[%clk 00:03:16]} {[%emt 00:01:42]} Re3 {[%clk 00:31:08]} {[%emt 00:00:49]} 54.
Nc5 {[%clk 00:03:31]} {[%emt 00:00:14]} Re5+ {[%emt 00:00:09]} 0-1

[Event "ODJM A 2024"]
[Site "Willingen GER"]
[Date "2024.05.24"]
[Round "8"]
[White "Bock, Marlon"]
[Black "Meiwes, Thore"]
[Result "0-1"]
[Termination "normal"]
[Board "6"]
[WhiteElo "2049"]
[BlackElo "2050"]
[WhiteClock "00:16:43"]
[BlackClock "00:45:37"]
[PlyCount "54"]
[WhiteFideId "16244931"]
[BlackFideId "16201256"]
[EventCountry "GER"]
[EventRounds "9"]
[EventType "swiss"]
[EventDate "2024.05.18"]

1. d4 {[%clk 01:30:59]} {[%emt 00:35:57]} Nf6 {[%clk 01:30:59]} {[%emt
00:00:06]} 2. c4 {[%clk 01:31:21]} {[%emt 00:00:08]} e6 {[%clk 01:31:26]}
{[%emt 00:00:03]} 3. Nc3 {[%clk 01:31:45]} {[%emt 00:00:05]} Bb4 {[%clk
01:31:52]} {[%emt 00:00:03]} 4. e3 {[%clk 01:32:07]} {[%emt 00:00:08]} O-O
{[%clk 01:32:17]} {[%emt 00:00:05]} 5. Bd3 {[%clk 01:32:33]} {[%emt 00:00:04]}
d5 {[%clk 01:32:42]} {[%emt 00:00:07]} 6. a3 {[%clk 01:32:52]} {[%emt
00:00:11]} dxc4 {[%clk 01:33:06]} {[%emt 00:00:06]} 7. Bxc4 {[%clk 01:32:54]}
{[%emt 00:00:27]} Bd6 {[%clk 01:33:30]} {[%emt 00:00:06]} 8. Nf3 {[%clk
01:29:21]} {[%emt 00:04:02]} Nc6 {[%clk 01:33:58]} {[%emt 00:00:02]} 9. e4
{[%clk 01:25:18]} {[%emt 00:04:33]} e5 {[%clk 01:34:19]} {[%emt 00:00:09]} 10.
d5 {[%clk 01:24:50]} {[%emt 00:00:59]} Ne7 {[%clk 01:34:47]} {[%emt 00:00:02]}
11. Bg5 {[%clk 01:18:16]} {[%emt 00:07:04]} Ng6 {[%clk 01:34:27]} {[%emt
00:00:50]} 12. O-O {[%clk 01:13:13]} {[%emt 00:05:33]} a6 {[%clk 01:34:52]}
{[%emt 00:00:05]} 13. Re1 {[%clk 01:11:13]} {[%emt 00:02:29]} h6 {[%clk
01:35:19]} {[%emt 00:00:03]} 14. Be3 {[%clk 01:06:55]} {[%emt 00:04:47]} Ng4
{[%clk 01:35:02]} {[%emt 00:00:47]} 15. Bc1 {[%clk 01:05:50]} {[%emt 00:01:35]}
f5 {[%clk 01:32:29]} {[%emt 00:03:03]} 16. exf5 {[%clk 00:59:06]} {[%emt
00:07:15]} Bxf5 {[%clk 01:29:03]} {[%emt 00:03:56]} 17. Ne4 {[%clk 00:57:28]}
{[%emt 00:02:07]} Nh4 {[%clk 01:24:27]} {[%emt 00:05:05]} 18. Ng3 {[%clk
00:35:06]} {[%emt 00:22:53]} e4 {[%clk 01:12:35]} {[%emt 00:12:23]} 19. Nd4
{[%clk 00:33:54]} {[%emt 00:01:41]} Nxf2 {[%clk 01:10:21]} {[%emt 00:02:44]}
20. Qe2 {[%clk 00:29:50]} {[%emt 00:04:34]} Bg4 {[%clk 01:04:11]} {[%emt
00:06:40]} 21. Qc2 {[%clk 00:28:02]} {[%emt 00:02:17]} Nxg2 {[%clk 00:54:03]}
{[%emt 00:10:39]} 22. Kxg2 {[%clk 00:27:02]} {[%emt 00:01:30]} Qh4 {[%clk
00:53:15]} {[%emt 00:01:17]} 23. Re3 {[%clk 00:23:33]} {[%emt 00:04:00]} Nd1
{[%clk 00:48:56]} {[%emt 00:04:47]} 24. Ndf5 {[%clk 00:15:51]} {[%emt
00:08:13]} Nxe3+ {[%clk 00:47:55]} {[%emt 00:01:30]} 25. Nxe3 {[%clk 00:16:02]}
{[%emt 00:00:19]} Bf3+ {[%clk 00:45:03]} {[%emt 00:03:22]} 26. Kg1 {[%clk
00:16:27]} {[%emt 00:00:05]} Bxg3 {[%clk 00:45:15]} {[%emt 00:00:17]} 27. hxg3
{[%clk 00:16:43]} {[%emt 00:00:15]} Qh1+ {[%clk 00:45:37]} {[%emt 00:00:07]}
0-1

[Event "ODJM A 2024"]
[Site "Willingen GER"]
[Date "2024.05.24"]
[Round "8"]
[White "Stegert, Jonas"]
[Black "Paeslack, Luis"]
[Result "0-1"]
[Termination "normal"]
[Board "7"]
[WhiteElo "1927"]
[BlackElo "2003"]
[WhiteClock "00:22:01"]
[BlackClock "00:11:38"]
[PlyCount "56"]
[WhiteFideId "16247965"]
[BlackFideId "12987760"]
[EventCountry "GER"]
[EventRounds "9"]
[EventType "swiss"]
[EventDate "2024.05.18"]

1. d4 {[%clk 01:30:59]} {[%emt 00:00:01]} d5 {[%clk 01:29:40]} {[%emt
00:01:20]} 2. c4 {[%clk 01:31:22]} {[%emt 00:00:06]} e6 {[%clk 01:26:46]}
{[%emt 00:03:23]} 3. Nf3 {[%clk 01:31:46]} {[%emt 00:00:05]} Nf6 {[%clk
01:26:49]} {[%emt 00:00:28]} 4. g3 {[%clk 01:32:08]} {[%emt 00:00:08]} Bb4+
{[%clk 01:25:51]} {[%emt 00:01:28]} 5. Bd2 {[%clk 01:32:05]} {[%emt 00:00:33]}
Be7 {[%clk 01:26:17]} {[%emt 00:00:05]} 6. Bg2 {[%clk 01:32:30]} {[%emt
00:00:05]} c6 {[%clk 01:25:40]} {[%emt 00:01:07]} 7. O-O {[%clk 01:32:37]}
{[%emt 00:00:22]} O-O {[%clk 01:24:20]} {[%emt 00:01:50]} 8. Qc2 {[%clk
01:27:30]} {[%emt 00:05:37]} Nbd7 {[%clk 01:23:29]} {[%emt 00:01:21]} 9. Rd1
{[%clk 01:20:23]} {[%emt 00:07:37]} b6 {[%clk 01:23:17]} {[%emt 00:00:42]} 10.
cxd5 {[%clk 01:20:14]} {[%emt 00:00:39]} cxd5 {[%clk 01:21:22]} {[%emt
00:02:25]} 11. Nc3 {[%clk 01:19:40]} {[%emt 00:01:05]} Bb7 {[%clk 01:13:08]}
{[%emt 00:08:43]} 12. Rac1 {[%clk 01:14:30]} {[%emt 00:05:40]} Rc8 {[%clk
00:58:18]} {[%emt 00:15:21]} 13. Qb3 {[%clk 01:10:06]} {[%emt 00:04:54]} Ne8
{[%clk 00:51:20]} {[%emt 00:07:27]} 14. Na4 {[%clk 01:05:26]} {[%emt 00:05:10]}
Rxc1 {[%clk 00:44:33]} {[%emt 00:07:17]} 15. Rxc1 {[%clk 01:05:39]} {[%emt
00:00:18]} Ba6 {[%clk 00:43:56]} {[%emt 00:01:07]} 16. Bf1 {[%clk 01:01:13]}
{[%emt 00:04:56]} Nd6 {[%clk 00:35:38]} {[%emt 00:08:48]} 17. Nc3 {[%clk
00:45:09]} {[%emt 00:16:34]} Nc4 {[%clk 00:30:24]} {[%emt 00:05:44]} 18. Nb5
{[%clk 00:39:36]} {[%emt 00:06:03]} e5 {[%clk 00:20:42]} {[%emt 00:10:12]} 19.
dxe5 {[%clk 00:37:57]} {[%emt 00:02:08]} Nc5 {[%clk 00:18:21]} {[%emt
00:02:51]} 20. Qb4 {[%clk 00:35:15]} {[%emt 00:03:12]} Nd3 {[%clk 00:15:48]}
21. Qa4 {[%clk 00:24:20]} {[%emt 00:14:28]} Nxd2 {[%clk 00:12:08]} 22. Nxd2
{[%clk 00:24:02]} {[%emt 00:04:58]} Bxb5 {[%emt 00:01:59]} 23. Qxb5 {[%clk
00:21:06]} {[%emt 00:01:40]} Nxc1 {[%clk 00:12:49]} {[%emt 00:00:06]} 24. a3
{[%clk 00:21:11]} {[%emt 00:00:24]} Qc8 {[%clk 00:12:18]} {[%emt 00:01:01]} 25.
Qxd5 {[%clk 00:21:24]} {[%emt 00:00:18]} Rd8 {[%clk 00:12:11]} {[%emt
00:00:36]} 26. Qc4 {[%clk 00:21:26]} {[%emt 00:00:28]} Qxc4 {[%clk 00:11:54]}
{[%emt 00:00:46]} 27. Nxc4 {[%clk 00:21:51]} {[%emt 00:00:05]} b5 {[%clk
00:11:43]} {[%emt 00:00:42]} 28. Na5 {[%clk 00:22:01]} {[%emt 00:00:21]} Rd2
{[%clk 00:11:38]} {[%emt 00:00:33]} 0-1

[Event "ODJM A 2024"]
[Site "Willingen GER"]
[Date "2024.05.24"]
[Round "8"]
[White "Langner, Jasper"]
[Black "Fruth, David"]
[Result "1-0"]
[Termination "normal"]
[Board "8"]
[WhiteElo "1999"]
[BlackElo "1931"]
[WhiteClock "00:01:52"]
[BlackClock "00:03:38"]
[PlyCount "75"]
[WhiteFideId "16202554"]
[BlackFideId "16257596"]
[EventCountry "GER"]
[EventRounds "9"]
[EventType "swiss"]
[EventDate "2024.05.18"]

1. e4 {[%clk 01:30:55]} {[%emt 00:00:02]} c5 {[%clk 01:30:58]} {[%emt
00:00:04]} 2. c3 {[%clk 01:30:09]} {[%emt 00:01:15]} d5 {[%clk 01:21:27]}
{[%emt 00:10:01]} 3. exd5 {[%clk 01:30:22]} {[%emt 00:00:17]} Qxd5 {[%clk
01:21:55]} {[%emt 00:00:02]} 4. d4 {[%clk 01:28:59]} {[%emt 00:01:52]} Nc6
{[%clk 01:21:39]} {[%emt 00:00:48]} 5. Nf3 {[%clk 01:27:05]} {[%emt 00:02:24]}
Bg4 {[%clk 01:21:53]} {[%emt 00:00:16]} 6. Be2 {[%clk 01:21:25]} {[%emt
00:06:09]} cxd4 {[%clk 01:21:28]} {[%emt 00:00:56]} 7. cxd4 {[%clk 01:21:42]}
{[%emt 00:00:12]} Nf6 {[%clk 01:20:20]} {[%emt 00:01:37]} 8. O-O {[%clk
01:20:36]} {[%emt 00:01:35]} e6 {[%clk 01:18:59]} {[%emt 00:01:53]} 9. Nc3
{[%clk 01:19:30]} {[%emt 00:01:36]} Qa5 {[%clk 01:17:22]} {[%emt 00:02:07]} 10.
Bf4 {[%clk 01:15:26]} {[%emt 00:04:33]} Rd8 {[%clk 01:12:36]} {[%emt 00:05:17]}
11. Qb3 {[%clk 01:08:22]} {[%emt 00:07:33]} Rd7 {[%clk 00:56:42]} {[%emt
00:16:24]} 12. Qb5 {[%clk 01:01:11]} {[%emt 00:07:41]} Qxb5 {[%clk 00:48:38]}
{[%emt 00:08:34]} 13. Bxb5 {[%clk 01:01:16]} {[%emt 00:00:24]} Bxf3 {[%clk
00:48:36]} {[%emt 00:00:33]} 14. gxf3 {[%clk 01:01:45]} {[%emt 00:00:01]} Rxd4
{[%clk 00:48:45]} {[%emt 00:00:21]} 15. Be3 {[%clk 01:01:12]} {[%emt 00:01:02]}
Rb4 {[%clk 00:45:39]} {[%emt 00:03:36]} 16. Bxa7 {[%clk 00:54:11]} {[%emt
00:07:29]} Rxb2 {[%clk 00:43:14]} {[%emt 00:02:56]} 17. Rab1 {[%clk 00:43:31]}
{[%emt 00:11:09]} Rxb1 {[%clk 00:32:34]} {[%emt 00:11:11]} 18. Rxb1 {[%clk
00:43:17]} {[%emt 00:00:43]} Nd7 {[%clk 00:30:40]} {[%emt 00:02:24]} 19. Ba4
{[%clk 00:40:56]} {[%emt 00:02:50]} Nd8 {[%clk 00:23:10]} {[%emt 00:08:02]} 20.
Ne4 {[%clk 00:22:17]} {[%emt 00:19:08]} f5 {[%clk 00:14:17]} {[%emt 00:09:23]}
21. Nc5 {[%clk 00:20:22]} {[%emt 00:02:24]} Bxc5 {[%clk 00:12:48]} {[%emt
00:02:00]} 22. Bxc5 {[%clk 00:20:50]} {[%emt 00:00:01]} g5 {[%clk 00:11:27]}
{[%emt 00:01:51]} 23. Ba3 {[%clk 00:11:56]} {[%emt 00:09:24]} Rg8 {[%clk
00:09:37]} {[%emt 00:02:20]} 24. Rd1 {[%clk 00:09:06]} {[%emt 00:03:20]} Nc6
{[%clk 00:08:51]} {[%emt 00:01:16]} 25. Rd6 {[%clk 00:06:33]} {[%emt 00:03:03]}
Rg6 {[%clk 00:09:00]} {[%emt 00:00:21]} 26. Bb3 {[%clk 00:05:04]} {[%emt
00:02:00]} e5 {[%clk 00:08:26]} {[%emt 00:01:03]} 27. Be6 {[%clk 00:05:10]}
{[%emt 00:00:23]} Nf8 {[%clk 00:04:28]} {[%emt 00:04:29]} 28. Bxf5 {[%clk
00:05:36]} {[%emt 00:00:03]} Rxd6 {[%clk 00:04:49]} {[%emt 00:00:10]} 29. Bxd6
{[%clk 00:06:02]} {[%emt 00:00:03]} h6 {[%clk 00:05:07]} {[%emt 00:00:11]} 30.
Be4 {[%clk 00:05:21]} {[%emt 00:01:12]} Nd7 {[%clk 00:04:58]} {[%emt 00:00:39]}
31. Kg2 {[%clk 00:01:47]} {[%emt 00:04:03]} Kf7 {[%clk 00:05:19]} {[%emt
00:00:09]} 32. Bd5+ {[%clk 00:01:42]} {[%emt 00:00:34]} Kf6 {[%clk 00:04:42]}
{[%emt 00:01:08]} 33. a4 {[%clk 00:01:26]} {[%emt 00:00:45]} Nb6 {[%clk
00:03:58]} {[%emt 00:01:14]} 34. Bxc6 {[%clk 00:01:00]} {[%emt 00:00:56]} bxc6
{[%clk 00:04:26]} {[%emt 00:00:03]} 35. a5 {[%clk 00:01:20]} {[%emt 00:00:09]}
Nc4 {[%clk 00:04:54]} {[%emt 00:00:02]} 36. Bc7 {[%clk 00:01:06]} {[%emt
00:00:43]} Ke6 {[%clk 00:03:16]} {[%emt 00:02:09]} 37. a6 {[%clk 00:01:26]}
{[%emt 00:00:10]} Kd7 {[%clk 00:03:38]} {[%emt 00:00:07]} 38. a7 {[%clk
00:01:52]} {[%emt 00:00:04]} 1-0

[Event "ODJM A 2024"]
[Site "Willingen GER"]
[Date "2024.05.24"]
[Round "8"]
[White "Bilenko, Yaroslav"]
[Black "Kliashtornyi, Arkadii"]
[Result "0-1"]
[Termination "normal"]
[Board "9"]
[WhiteElo "2136"]
[BlackElo "1968"]
[WhiteClock "00:23:33"]
[BlackClock "00:31:00"]
[PlyCount "96"]
[WhiteFideId "34120165"]
[BlackFideId "34119698"]
[EventCountry "GER"]
[EventRounds "9"]
[EventType "swiss"]
[EventDate "2024.05.18"]

1. e4 {[%clk 01:30:57]} {[%emt 00:00:03]} c6 {[%clk 01:30:55]} {[%emt
00:00:05]} 2. d4 {[%clk 01:31:20]} {[%emt 00:00:07]} d5 {[%clk 01:31:21]}
{[%emt 00:00:04]} 3. e5 {[%clk 01:31:36]} {[%emt 00:00:13]} Bf5 {[%clk
01:31:47]} {[%emt 00:00:04]} 4. Nf3 {[%clk 01:31:56]} {[%emt 00:00:11]} e6
{[%clk 01:32:13]} {[%emt 00:00:06]} 5. Be2 {[%clk 01:32:17]} {[%emt 00:00:07]}
Be7 {[%clk 01:32:34]} {[%emt 00:00:08]} 6. O-O {[%clk 01:32:05]} {[%emt
00:00:42]} h5 {[%clk 01:32:57]} {[%emt 00:00:08]} 7. a4 {[%clk 01:31:20]}
{[%emt 00:01:15]} Nh6 {[%clk 01:32:39]} {[%emt 00:00:48]} 8. Nbd2 {[%clk
01:18:11]} {[%emt 00:13:39]} Nd7 {[%clk 01:30:43]} {[%emt 00:02:26]} 9. Nb3
{[%clk 01:17:37]} {[%emt 00:01:03]} g5 {[%clk 01:23:34]} {[%emt 00:07:40]} 10.
Ne1 {[%clk 01:16:24]} {[%emt 00:01:43]} Qc7 {[%clk 01:08:05]} {[%emt 00:15:59]}
11. Nd3 {[%clk 01:08:43]} {[%emt 00:08:10]} O-O-O {[%clk 01:03:04]} {[%emt
00:05:32]} 12. Bd2 {[%clk 01:05:14]} {[%emt 00:03:58]} f6 {[%clk 01:00:33]}
{[%emt 00:03:01]} 13. exf6 {[%clk 01:01:50]} {[%emt 00:03:54]} Bxf6 {[%clk
00:49:03]} {[%emt 00:12:01]} 14. f4 {[%clk 00:52:16]} {[%emt 00:10:03]} Rdg8
{[%clk 00:38:39]} {[%emt 00:10:54]} 15. Qc1 {[%clk 00:34:00]} {[%emt 00:18:46]}
Bg4 {[%clk 00:33:51]} {[%emt 00:05:18]} 16. Bxg4 {[%clk 00:30:47]} {[%emt
00:03:43]} hxg4 {[%clk 00:26:27]} {[%emt 00:07:54]} 17. fxg5 {[%clk 00:22:21]}
{[%emt 00:08:56]} Nf5 {[%clk 00:26:30]} {[%emt 00:00:27]} 18. Bf4 {[%clk
00:22:33]} {[%emt 00:00:18]} Bxg5 {[%clk 00:19:20]} {[%emt 00:07:40]} 19. Bxc7
{[%clk 00:20:46]} {[%emt 00:02:17]} Bxc1 {[%clk 00:19:31]} {[%emt 00:00:19]}
20. Raxc1 {[%clk 00:21:02]} {[%emt 00:00:14]} Kxc7 {[%clk 00:19:53]} {[%emt
00:00:09]} 21. Rce1 {[%clk 00:19:15]} {[%emt 00:02:16]} Rh6 {[%clk 00:15:25]}
{[%emt 00:04:58]} 22. Nf4 {[%clk 00:10:24]} {[%emt 00:09:22]} Kd6 {[%clk
00:14:39]} {[%emt 00:01:16]} 23. c3 {[%clk 00:06:51]} {[%emt 00:04:03]} b6
{[%clk 00:09:36]} {[%emt 00:05:33]} 24. Re2 {[%clk 00:06:46]} {[%emt 00:00:35]}
Rgh8 {[%clk 00:09:39]} {[%emt 00:00:26]} 25. g3 {[%clk 00:03:40]} {[%emt
00:03:37]} e5 {[%clk 00:07:29]} {[%emt 00:02:40]} 26. Nd3 {[%clk 00:02:26]}
{[%emt 00:01:44]} Nxg3 {[%clk 00:06:48]} {[%emt 00:01:11]} 27. dxe5+ {[%clk
00:01:10]} {[%emt 00:01:46]} Nxe5 {[%clk 00:07:16]} {[%emt 00:00:02]} 28. Rxe5
{[%clk 00:01:27]} {[%emt 00:00:12]} Nxf1 {[%clk 00:07:42]} {[%emt 00:00:05]}
29. Kxf1 {[%clk 00:01:49]} {[%emt 00:00:08]} Rh3 {[%clk 00:07:21]} {[%emt
00:00:50]} 30. Nbc1 {[%clk 00:02:10]} {[%emt 00:00:09]} g3 {[%clk 00:04:18]}
{[%emt 00:03:33]} 31. hxg3 {[%clk 00:00:34]} {[%emt 00:02:07]} Rh1+ {[%clk
00:04:42]} {[%emt 00:00:05]} 32. Kg2 {[%clk 00:01:03]} Rxc1 {[%clk 00:03:57]}
{[%emt 00:01:16]} 33. Rg5 {[%clk 00:01:31]} {[%emt 00:00:01]} Rc2+ {[%clk
00:03:37]} {[%emt 00:00:49]} 34. Kf3 {[%clk 00:01:46]} {[%emt 00:00:16]} Rf8+
{[%clk 00:03:10]} {[%emt 00:00:57]} 35. Ke3 {[%clk 00:02:02]} {[%emt 00:00:14]}
Re8+ {[%clk 00:03:15]} {[%emt 00:00:25]} 36. Kf3 {[%clk 00:01:06]} {[%emt
00:01:26]} Rd2 {[%clk 00:03:21]} {[%emt 00:00:25]} 37. Nf4 {[%clk 00:01:27]}
{[%emt 00:00:08]} Rxb2 {[%clk 00:03:32]} {[%emt 00:00:19]} 38. Rg7 {[%clk
00:01:14]} {[%emt 00:00:42]} Re7 {[%clk 00:03:38]} {[%emt 00:00:24]} 39. Rg6+
{[%clk 00:01:21]} {[%emt 00:00:24]} Kd7 {[%clk 00:03:51]} {[%emt 00:00:17]} 40.
g4 {[%clk 00:00:56]} {[%emt 00:00:56]} Rc2 {[%clk 00:03:58]} {[%emt 00:00:23]}
41. Nh5 {[%clk 00:25:35]} {[%emt 00:05:50]} Rxc3+ {[%clk 00:34:08]} {[%emt
00:00:20]} 42. Kf4 {[%clk 00:25:40]} {[%emt 00:00:25]} Rc4+ {[%clk 00:33:26]}
{[%emt 00:01:12]} 43. Kf5 {[%clk 00:23:32]} {[%emt 00:02:38]} d4 {[%clk
00:30:49]} {[%emt 00:03:07]} 44. Nf6+ {[%clk 00:21:56]} {[%emt 00:02:06]} Kc7
{[%clk 00:31:00]} {[%emt 00:00:19]} 45. Rg8 {[%clk 00:22:20]} {[%emt 00:00:06]}
d3 {[%clk 00:30:07]} {[%emt 00:01:23]} 46. Ne8+ {[%clk 00:22:44]} {[%emt
00:00:05]} Rxe8 {[%clk 00:30:25]} {[%emt 00:00:13]} 47. Rxe8 {[%clk 00:23:07]}
{[%emt 00:00:07]} d2 {[%clk 00:30:43]} {[%emt 00:00:12]} 48. Re7+ {[%clk
00:23:33]} {[%emt 00:00:05]} Kd8 {[%clk 00:31:00]} {[%emt 00:00:10]} 0-1